[Event "Douglas IoM op"]
[Site "Douglas"]
[Date "2017.10.01"]
[Round "9"]
[White "Fischer, Daniel1111"]
[Black "Seyfried, Claus"]
[Result "0-1"]
[WhiteElo "2100"]
[BlackElo "2173"]
[PlyCount "68"]
[EventDate "2017.09.23"]
[EventType "swiss"]
[EventRounds "9"]
[EventCountry "IOM"]
[SourceTitle "CBM 181"]
[Source "ChessBase"]
[SourceDate "2017.11.10"]
[SourceVersion "1"]
[SourceVersionDate "2017.11.10"]
[SourceQuality "1"]

1. e4 e5 2. Nf3 Nc6 3. Bc4 Nf6 4. d3 d5 5. exd5 Nxd5 6. 0-0 Bc5 7. h3 0-0 8. Re1 Nb6 9. Bb3 Qf6 10. Nbd2 Qg6 11. Ne4 Be7 12. Ng3 a5 13. c3 a4 14. Bc2 f5 15. d4 e4 16. d5 Rd8 17. Nxe4 fxe4 18. Bxe4 Qh5 19. Qe2 Nxd5 20. c4 Nf6 21. Bxc6 Bb4 22. Bd5+ Nxd5 23. Rd1 Bxh3 24. gxh3 Re8 25. Qd3 Nf6 26. Kg2 c6 27. Bf4 Ne4 28. Qd7 Bc5 29. Bg3 Nxg3 30. Kxg3 Re2 31. Nd4 Rf8 32. Nxe2 Qxe2 33. Qd2 Rf3+ 34. Kh4 Qe4+ 0-1

[Event "Douglas IoM op"]
[Site "Douglas"]
[Date "2017.09.26"]
[Round "4"]
[White "Degtiarev, Evgeny"]
[Black "Seyfried, Claus"]
[Result "1-0"]
[WhiteElo "2412"]
[BlackElo "2173"]
[PlyCount "87"]
[EventDate "2017.09.23"]
[EventType "swiss"]
[EventRounds "9"]
[EventCountry "IOM"]
[SourceTitle "CBM 181"]
[Source "ChessBase"]
[SourceDate "2017.11.10"]
[SourceVersion "1"]
[SourceVersionDate "2017.11.10"]
[SourceQuality "1"]

1. d4 d5 2. c4 e6 3. Nf3 c6 4. e3 Bd6 5. Bd3 f5 6. 0-0 Nf6 7. b3 Qe7 8. Bb2 0-0 9. Qc1 b6 10. Ba3 Ne4 11. Bxd6 Qxd6 12. Nc3 Nd7 13. Ne2 Bb7 14. Qb2 a5 15. Rfd1 Qe7 16. a3 Ra7 17. b4 Rfa8 18. c5 bxc5 19. bxc5 Ba6 20. Bxa6 Rxa6 21. Rab1 R6a7 22. Nf4 e5 23. Nd3 exd4 24. exd4 Qe8 25. Qc2 Rb8 26. Nfe5 Nxe5 27. Nxe5 Rab7 28. Rxb7 Rxb7 29. f3 Ng5 30. Qxf5 Nf7 31. Re1 Re7 32. f4 g6 33. Qh3 g5 34. Qg3 h6 35. fxg5 hxg5 36. h4 Nxe5 37. Rxe5 Rxe5 38. dxe5 d4 39. Qxg5+ Kh8 40. Qh6+ Kg8 41. Qd6 d3 42. Qxd3 Qxe5 43. Qg6+ Kf8 44. Qd6+ 1-0

[Event "Douglas IoM op"]
[Site "Douglas"]
[Date "2017.09.24"]
[Round "2"]
[White "Donchenko, Alexander"]
[Black "Seyfried, Claus"]
[Result "1-0"]
[WhiteElo "2559"]
[BlackElo "2173"]
[PlyCount "27"]
[EventDate "2017.09.23"]
[EventType "swiss"]
[EventRounds "9"]
[EventCountry "IOM"]
[SourceTitle "CBM 181"]
[Source "ChessBase"]
[SourceDate "2017.11.10"]
[SourceVersion "1"]
[SourceVersionDate "2017.11.10"]
[SourceQuality "1"]

1. d4 d5 2. c4 e6 3. Nf3 c6 4. e3 Bd6 5. b3 f5 6. Bd3 Nf6 7. 0-0 Qe7 8. Bb2 0-0 9. Nc3 Ne4 10. Rc1 Nd7 11. Ne2 e5 12. cxd5 cxd5 13. dxe5 Nxe5 14. Bxe4 1-0

[Event "GER-chA Seniors 29th"]
[Site "Berlin"]
[Date "2017.08.12"]
[Round "5"]
[White "Khanukov, Boris"]
[Black "Seyfried, Claus"]
[Result "1-0"]
[WhiteElo "2295"]
[BlackElo "2151"]
[PlyCount "75"]
[EventDate "2017.08.07"]
[EventType "swiss"]
[EventRounds "9"]
[EventCountry "GER"]
[SourceTitle "EXT 2019"]
[Source "ChessBase"]
[SourceDate "2018.10.10"]
[SourceVersion "1"]
[SourceVersionDate "2018.10.10"]
[SourceQuality "1"]

1. d4 d5 2. c4 e6 3. Nc3 c6 4. e3 Bd6 5. Nf3 f5 6. Ne5 Nf6 7. Be2 b6 8. 0-0 0-0 9. a3 Bb7 10. b4 Ne4 11. Bb2 Nd7 12. f4 Ndf6 13. Rc1 Nxc3 14. Bxc3 Ne4 15. Qb3 Qe7 16. c5 Bxe5 17. fxe5 Qg5 18. Be1 f4 19. exf4 Rxf4 20. Rxf4 Qxf4 21. Rd1 Rf8 22. Bg3 Nxg3 23. Qxg3 Qxg3 24. hxg3 Kf7 25. Kf2 Ke7+ 26. Ke3 b5 27. a4 a6 28. Ra1 Ra8 29. Bd3 h6 30. Bg6 Rf8 31. axb5 axb5 32. Ra7 Rb8 33. Kf4 Kd7 34. Kg4 Ke7 35. Kh5 Kf8 36. g4 Ke7 37. g5 hxg5 38. Kxg5 1-0

[Event "Baden Wuerttemberg-ch Seniors op 3rd"]
[Site "Freudenstadt"]
[Date "2017.07.03"]
[Round "4"]
[White "Prill, Gerhard"]
[Black "Seyfried, Claus"]
[Result "0-1"]
[WhiteElo "1960"]
[BlackElo "2136"]
[PlyCount "44"]
[EventDate "2017.06.30"]
[EventType "swiss"]
[EventRounds "9"]
[EventCountry "GER"]
[SourceTitle "EXT 2019"]
[Source "ChessBase"]
[SourceDate "2018.10.10"]
[SourceVersion "1"]
[SourceVersionDate "2018.10.10"]
[SourceQuality "1"]

1. e4 e5 2. Nf3 Nc6 3. Bc4 Nf6 4. d3 d5 5. exd5 Nxd5 6. c3 Be7 7. 0-0 0-0 8. Bb3 Bg4 9. Re1 Qd6 10. Na3 Nb6 11. Nb5 Qd7 12. h3 Bh5 13. a4 a6 14. Na3 Rad8 15. Bc2 f5 16. g4 fxg4 17. Nxe5 Qf5 18. Nxg4 Bxg4 19. hxg4 Qxf2+ 20. Kh1 Qh4+ 21. Kg1 Qg3+ 22. Kh1 Rf2 0-1

[Event "Oberliga Wuerttemberg 1617"]
[Site "Wuerttemberg"]
[Date "2017.02.19"]
[Round "8.7"]
[White "Seyfried, Claus"]
[Black "Held, Paul"]
[Result "1/2-1/2"]
[WhiteElo "2182"]
[BlackElo "2209"]
[PlyCount "50"]
[EventDate "2016.09.25"]
[EventType "team-tourn"]
[EventRounds "11"]
[EventCountry "GER"]
[SourceTitle "EXT 2019"]
[Source "ChessBase"]
[SourceDate "2018.10.10"]
[SourceVersion "1"]
[SourceVersionDate "2018.10.10"]
[SourceQuality "1"]
[WhiteTeam "Stuttgart SF"]
[BlackTeam "Schwaebisch Gmuend"]
[WhiteTeamCountry "GER"]
[BlackTeamCountry "GER"]

1. e4 d6 2. d4 Nf6 3. Nc3 g6 4. Be3 Bg7 5. h4 c6 6. Be2 Qa5 7. Qd2 b5 8. Bf3 b4 9. Nce2 Bg4 10. Ng3 h5 11. a3 Na6 12. e5 Nd5 13. Bxd5 cxd5 14. exd6 exd6 15. N1e2 0-0 16. 0-0 Qb5 17. axb4 Nxb4 18. Rfc1 Rfe8 19. Ra3 a5 20. Nf4 Be6 21. Rca1 Nc6 22. Rb3 Qc4 23. Rc3 Qb5 24. Rb3 Qc4 25. Rc3 Qb5 1/2-1/2

[Event "Gibraltar Masters 15th"]
[Site "Caleta"]
[Date "2017.01.31"]
[Round "8"]
[White "Seyfried, Claus"]
[Black "Burke, Mitchell R"]
[Result "1/2-1/2"]
[WhiteElo "2152"]
[BlackElo "1975"]
[PlyCount "60"]
[EventDate "2017.01.24"]
[EventType "swiss"]
[EventRounds "10"]
[EventCountry "GGB"]
[SourceTitle "CBM 177"]
[Source "ChessBase"]
[SourceDate "2017.03.16"]
[SourceVersion "1"]
[SourceVersionDate "2017.03.16"]
[SourceQuality "1"]

1. e4 g6 2. d4 Bg7 3. Nc3 c5 4. dxc5 Bxc3+ 5. bxc3 Nc6 6. Be3 Qa5 7. Qd2 Nf6 8. f3 0-0 9. Bc4 b6 10. cxb6 axb6 11. Ne2 Ne5 12. Bb3 Ba6 13. 0-0 Rfc8 14. Rfd1 Nc4 15. Bxc4 Bxc4 16. Nc1 d5 17. e5 Nd7 18. Bd4 Nc5 19. Nd3 Bxd3 20. cxd3 Ne6 21. Qb2 Nxd4 22. cxd4 Rc3 23. Rd2 Rac8 24. Rb1 Qa4 25. Qxb6 Rc1+ 26. Rxc1 Rxc1+ 27. Kf2 Rc2 28. Rxc2 Qxc2+ 29. Kg3 e6 30. Qd8+ Kg7 1/2-1/2

[Event "GER-chA Seniors 28th"]
[Site "Niederhausen"]
[Date "2016.08.16"]
[Round "4"]
[White "Werner, Clemens"]
[Black "Seyfried, Claus"]
[Result "1/2-1/2"]
[WhiteElo "2300"]
[BlackElo "2148"]
[PlyCount "52"]
[EventDate "2016.08.13"]
[EventType "swiss"]
[EventRounds "9"]
[EventCountry "GER"]
[SourceTitle "EXT 2019"]
[Source "ChessBase"]
[SourceDate "2018.10.10"]
[SourceVersion "1"]
[SourceVersionDate "2018.10.10"]
[SourceQuality "1"]

1. e4 c5 2. c3 Nf6 3. e5 Nd5 4. Nf3 Nc6 5. d4 cxd4 6. Bc4 Nb6 7. Bb3 d5 8. exd6 e6 9. cxd4 Bxd6 10. Nc3 0-0 11. 0-0 a6 12. Re1 Qc7 13. Be3 Bd7 14. Rc1 Rac8 15. Ne4 Nd5 16. Nxd6 Nxe3 17. fxe3 Qxd6 18. e4 Qf4 19. d5 exd5 20. Bxd5 Bg4 21. Bxc6 Rxc6 22. Rxc6 bxc6 23. Qc1 Qc7 24. Qe3 Rb8 25. b3 Qa5 26. Re2 Rd8 1/2-1/2

[Event "GER Cup 1516 final"]
[Site "Halle"]
[Date "2016.05.27"]
[Round "4"]
[White "Harff, Marcel"]
[Black "Seyfried, Claus"]
[Result "1/2-1/2"]
[WhiteElo "2361"]
[BlackElo "2134"]
[PlyCount "91"]
[EventDate "2016.05.26"]
[EventType "swiss"]
[EventRounds "5"]
[EventCountry "GER"]
[SourceTitle "EXT 2019"]
[Source "ChessBase"]
[SourceDate "2018.10.10"]
[SourceVersion "1"]
[SourceVersionDate "2018.10.10"]
[SourceQuality "1"]

1. c4 Nf6 2. Nf3 c6 3. g3 d5 4. Bg2 dxc4 5. 0-0 Be6 6. Na3 Qd5 7. e3 Bf5 8. b3 cxb3 9. axb3 Bd3 10. Ne1 Be4 11. f3 Bg6 12. d4 e6 13. Nc4 Qd8 14. e4 Nbd7 15. g4 Nb6 16. h4 Nxc4 17. bxc4 h6 18. Be3 Be7 19. Qb3 Qc7 20. Nd3 Nd7 21. h5 Bh7 22. Bf4 Qc8 23. Bg3 0-0 24. f4 c5 25. d5 exd5 26. exd5 Nf6 27. f5 Nxg4 28. d6 Bf6 29. Rab1 Rb8 30. Bxb7 Qd7 31. Qb5 Bxf5 32. Qxd7 Bxd7 33. Bd5 Rxb1 34. Rxb1 Bf5 35. Rb3 Ne3 36. Nxc5 Nxd5 37. cxd5 Rc8 38. Bf2 Be5 39. d7 Rd8 40. Rb7 Bd6 41. Rxa7 Bxc5 42. Bxc5 Rxd7 43. Ra8+ Kh7 44. d6 f6 45. Ra7 Kg8 46. Kf2 1/2-1/2

[Event "Gibraltar Masters 14th"]
[Site "Caleta"]
[Date "2016.02.02"]
[Round "8"]
[White "Tate, Alan"]
[Black "Seyfried, Claus"]
[Result "1-0"]
[WhiteElo "2345"]
[BlackElo "2137"]
[PlyCount "73"]
[EventDate "2016.01.26"]
[EventType "swiss"]
[EventRounds "10"]
[EventCountry "GGB"]
[SourceTitle "CBM 171"]
[Source "ChessBase"]
[SourceDate "2016.03.14"]
[SourceVersion "2"]
[SourceVersionDate "2016.03.14"]
[SourceQuality "1"]

1. Nf3 d5 2. g3 c6 3. Bg2 Nf6 4. 0-0 g6 5. b3 Bg7 6. Bb2 0-0 7. c4 b6 8. Na3 Bb7 9. Rc1 Na6 10. cxd5 cxd5 11. Nb5 Qd7 12. a4 Rfc8 13. Rxc8+ Qxc8 14. Qa1 Qd8 15. Qa3 Nc5 16. Rc1 a6 17. Nbd4 Rc8 18. a5 Bf8 19. Ne5 e6 20. b4 Nce4 21. Rxc8 Bxc8 22. d3 Nd6 23. Qc3 bxa5 24. bxa5 Bg7 25. Ndc6 Qc7 26. Qc5 Nfe8 27. Ba3 Bb7 28. Bh3 Bf8 29. f4 f6 30. Bxe6+ Kg7 31. Bxd5 fxe5 32. fxe5 Bxc6 33. Bxc6 Qf7 34. exd6 Nxd6 35. Bb2+ Kh6 36. Bc1+ Kg7 37. Qe5+ 1-0